| 000 | nam a22 7a 4500 | ||
|---|---|---|---|
| 999 |
_c20012 _d20012 |
||
| 008 | 170118b xxu||||| |||| 00| 0 eng d | ||
| 020 | _a9780324365092 | ||
| 050 | _aHF1015 .A53 2008 | ||
| 100 | _aAnderson,David R. | ||
| 245 |
_aStatistics for business and economics/ _cDavid R Anderson; Dennis J Sweeney; Thomas A Williams |
||
| 250 | _a10th ed. | ||
| 260 |
_aMason, OH : _bThomson South-Western, _c ©2008. |
||
| 300 |
_axxxi,1018p. : _bill. ; _c27cm _e1 CD-ROM (4 3/4 in.) |
||
| 500 | _aincludes index and appendix. | ||
| 650 |
_a Commercial statistics . _v Methodology |
||
| 700 | _aSweeney,Dennis J. | ||
| 700 | _aWilliams,Thomas A. | ||
| 942 |
_2lcc _cBOOKS _hHF1015 .A53 2008 |
||